Big Mac Meltdown Quiz Stats

 Plays Quiz Updated Oct 7, 2013

     
Support Sporcle.
Go Orange.
Score 0/7 Timer 01:00
5 Plays Today
% Correct
???
78.2%
???
75.6%
???
73.3%
???
70.6%
???
69.1%
???
67.3%
???
60.4%

From the Vault

Colored Symbol Selection VI

by goc3

Hurry up and click some turtles.
Remove Ads.
Support Sporcle.
Get the best of Sporcle when you Go Orange. This ad-free experience offers more features, more stats, and more fun while also helping to support Sporcle. Thank you for becoming a member.

Show Comments

Extras

Top Quizzes Today


Score Distribution

Your Account Isn't Verified!

In order to create a playlist on Sporcle, you need to verify the email address you used during registration. Go to your Sporcle Settings to finish the process.

Report this User

Report this user for behavior that violates our Community Guidelines.

Details: